Discrete Mathematics (Record no. 63598)

000 -LEADER
fixed length control field 00480nam a22001817a 4500
003 - CONTROL NUMBER IDENTIFIER
control field NUST - PNEC
005 - DATE AND TIME OF LATEST TRANSACTION
control field 20170116180818.0
008 - FIXED-LENGTH DATA ELEMENTS--GENERAL INFORMATION
fixed length control field 150610b xxu||||| |||| 00| 0 eng d
020 ## - INTERNATIONAL STANDARD BOOK NUMBER
International Standard Book Number 0071003169
040 ## - CATALOGING SOURCE
Transcribing agency LIBRARY
082 ## - DEWEY DECIMAL CLASSIFICATION NUMBER
Classification number 510 WLL
100 ## - MAIN ENTRY--PERSONAL NAME
9 (RLIN) 3823
Personal name Wiitala, Stephen A
245 ## - TITLE STATEMENT
Title Discrete Mathematics
Statement of responsibility, etc. Stephen A. Wiitala
260 ## - PUBLICATION, DISTRIBUTION, ETC.
Place of publication, distribution, etc. NewYork
Name of publisher, distributor, etc. McGraw-Hill International
Date of publication, distribution, etc. c1987.
300 ## - PHYSICAL DESCRIPTION
Extent 499 p. :
650 ## - SUBJECT ADDED ENTRY--TOPICAL TERM
9 (RLIN) 3824
Topical term or geographic name entry element Mathematics
General subdivision ME
942 ## - ADDED ENTRY ELEMENTS (KOHA)
Source of classification or shelving scheme
Koha item type Book
Holdings
Withdrawn status Lost status Source of classification or shelving scheme Damaged status Not for loan Permanent Location Current Location Shelving location Date acquired Source of acquisition Cost, normal purchase price Total Checkouts Full call number Barcode Date last seen Cost, replacement price Price effective from Koha item type
          Pakistan Navy Engineering College (PNEC) Pakistan Navy Engineering College (PNEC)     Paramount Publishing Enterprise / Library Grant 137.00   510 WLL PNECLIB-012142 06/10/2015 137.00   Book
© 2023 Central Library, National University of Sciences and Technology. All Rights Reserved.